| 000 | 00988nam a22002417i 4500 | ||
|---|---|---|---|
| 999 |
_c23322 _d23322 |
||
| 003 | AR-CdUCM | ||
| 008 | 250717b20242024 ag||||| |||| 00| 0 spa d | ||
| 020 | _a978-612-45308-1-4 | ||
| 040 |
_aMUNICIPALIDAD PROVINCIAL DEL CUSCO _cBIBLIOTECA MUNICIPAL DEL CUSCO |
||
| 041 | _hspa | ||
| 082 |
_a190 / A17 _bA17 |
||
| 110 |
_aAcademia Filosófica de la Plata / _93308 |
||
| 245 |
_aEstudio Científico de los Problemas Psicosomáticos - libro 1 : _bLa solución mediante el conocimiento y dominio de si mismo / |
||
| 260 |
_aLima : _bSERVIGRAH E.I.R.L _c2024 |
||
| 300 |
_a268 páginas. : _c21x15 cm. |
||
| 500 | _zpáginas 265-268 | ||
| 505 | _aPatrones de conducta -- Demanda real o imaginaria -- Conocimiento de nosotros mismos -- Análisis desde la filosofía -- Problemas psicosomáticos y espirituales | ||
| 650 |
_aNeurotransmisores _945677 |
||
| 650 |
_acuerpo fisico _951245 |
||
| 650 |
_aFilosofia espiritualista _951246 |
||
| 942 |
_2ddc _cLIBROS |
||
| 945 |
_apbjr _d17-07-2025 |
||